Countries of Southern Africa With a Map - Statistics

General Stats
  • This quiz has been taken 253 times
  • The average score is 9 of 10
Answers on the Map
Answers color-coded by a green-red scale on the quiz's map according to % correct below.
 
Answer Stats
Answer % Correct
South Africa
98%
Lesotho
93%
Zimbabwe
93%
Mozambique
88%
Namibia
88%
Zambia
88%
Botswana
87%
Angola
83%
Eswatini
82%
Malawi
78%
No matching quizzes found
Score Distribution
Percent of People with Each Score
Percentile by Number Answered
Your Score History
You have not taken this quiz